| 000 | 00749nam a22002177a 4500 | ||
|---|---|---|---|
| 999 |
_c19908 _d19908 |
||
| 003 | AR-CdUCM | ||
| 008 | 190308b ||||| |||| 00| 0 spa d | ||
| 040 |
_aMUNICIPALIDAD PROVINCIAL DEL CUSCO _cBIBLIOTECA MUNICIPAL DEL CUSCO |
||
| 082 |
_a985.62 / _bF83 |
||
| 100 |
_aFrisancho Pineda, Ignacio _913339 |
||
| 245 | _aTemas para la historia de Puno / | ||
| 260 |
_aPuno : _bLos andes, _c1968. |
||
| 300 |
_a199 páginas ; _bfotografías, Mapas _c26 cm. |
||
| 505 | _aContenido : La antigüedad del hombre del Collao -- Dos grandes metrópolis collavinas -- Don Pedro Cieza de León... | ||
| 650 |
_aPuno. _93897 |
||
| 650 |
_aCollao _941619 |
||
| 650 |
_aCronistas _91200 |
||
| 650 |
_aMetropolis _941620 |
||
| 942 |
_2ddc _cLIBROS |
||
| 945 | _arcc | ||